| 000 | 00818nam a2200193Ia 4500 | ||
|---|---|---|---|
| 003 | OSt | ||
| 005 | 20210106095046.0 | ||
| 008 | 191128s1962 ck gr 000 0 spa d | ||
| 040 |
_aCO-JMCR _cCO-JMCR |
||
| 041 | 0 | _aspa | |
| 082 | 0 | 4 |
_a658.787 / _bC764i1 _223 |
| 110 | 1 |
_aContraloria General de la República _912680 |
|
| 245 | 1 | 0 |
_aÍndice universal de inventarios / _cContraloria General de la República |
| 260 |
_aBogotá : _bImprenta Nacional, _c1962 |
||
| 300 |
_axiii, 398 páginas ; _c23 cm. |
||
| 505 | 0 | _aíndice universal de inventarios -- Agrupaciones y subagrupaciones del índice universal de inventarios -- Resoluciones orgánicas N° 4 de 1960 y 8 de 1962 -- Circulares generales N° 381 de 1960 y 397 de 1962 -- Formularios | |
| 650 | 1 | 4 |
_aInventarios _xContraloría _zColombia _912681 |
| 942 |
_2ddc _cBK |
||
| 999 |
_c6193 _d6193 |
||